Pop culture en images - N - Statistiques

Statistiques générales
  • Ce quiz a été pris 397 fois
  • Le résultat moyen est 8 sur 16
Statistiques - réponses
Par images Réponse % Correct
Nemo
100%
Nadia
87%
Neville Londubat
76%
Ned Flanders
71%
Neo
71%
Natsu Dragnir
69%
Nairobi
62%
Nounours
60%
Nidoking
59%
Nathan Drake
40%
Nobara Kugisaki
38%
Nagi Seishirō
29%
Noelle Silva
24%
Nocturne
20%
Niko Bellic
18%
Naomi Lapaglia
9%
Aucun quiz correspondant
Distribution des résultats
% des personnes avec chaque résultat
Percentile par nombre de réponses
Votre historique - résultats
Vous n’avez pas pris ce quiz